Fußball: Deutsche Spieler und ihre Vereine - Statistiken

Allgemein
  • Dieses Quiz wurde 1.622 mal gespielt
  • Das Durchschnittsergebnis liegt bei 10 aus 15
Antwortstatistiken
Hint Antwort % Korrekt
Kevin Trapp Eintracht Frankfurt
88%
Christoph Kramer Borussia Mönchengladbach
87%
Mario Götze Eintracht Frankfurt
86%
Marco Reus Borussia Mönchengladbach
85%
Lars Stindl Borussia Mönchengladbach
84%
Julian Draxler Schalke 04
83%
Nico Schlotterbeck SC Freiburg
79%
Benedikt Höwedes Schalke 04
79%
Maximilian Eggestein SC Freiburg
68%
Jens Lehmann Schalke 04
65%
Arne Friedrich Hertha BSC
64%
Marco Russ Eintracht Frankfurt
54%
Fredi Bobic Hertha BSC
47%
Sebastian Kehl SC Freiburg
38%
Mario Basler Hertha BSC
27%
Keine übereinstimmenden Quizze gefunden
Verteilung der Resultate
Anzahl Personen mit jedem Resultat
Perzentil nach korrekt beantworteten Fragen
Ihre Resultats-Entwicklung
Sie haben dieses Quiz noch nicht gespielt